| 000 | 02073cad a22002175a 4500 | ||
|---|---|---|---|
| 001 | L141911 | ||
| 008 | 080114e20071030xxk f v 000 0 eng d | ||
| 035 | _a(Sirsi) u141911 | ||
| 041 | 0 | _aeng | |
| 245 | 0 | 0 |
_aRingway Infrastructure Services Ltd v Vauxhall Motors Ltd No 2 _h[electronic resource] |
| 260 | _c2007 | ||
| 520 | _a[2007] EWHC 2507 (TCC), 30 October 2007. The claimant contractor (R) was employed by the defendant (V) to carry out various works in connection with a vehicle distribution centre. R had referred a dispute to adjudication after V had not responded to its final application for interim payment, and the adjudicator had ordered V to pay R £1 303 704.95 plus VAT and interest together with his fees and expenses. V claimed the adjudicator lacked jurisdiction, but the court determined the adjudicator had had jurisdiction and that R was contractually entitled to the net sum claimed in the absence of a notice from V ([2007] EWHC 2421 (TCC)). R then submitted that the adjudicator had awarded interest from a later date and that the court had a discretion under the Supreme Court Act 1981 s35A to make an additional award of interest from the earlier date. V submitted that R's claim was for the enforcement of the adjudicator's decision and this should be complied with. "Held": the cause of action to enforce an adjudicator's award was contractual and the date when that cause of action arose was the date when V failed to honour the adjudicator's decision. Judgment accordingly. | ||
| 590 | _aKA | ||
| 650 | 2 | 4 | _aRINGWAY INFRASTRUCTURE SERVICES LTD V VAUXHALL MOTORS LTD NO 2 |
| 650 | 2 | 4 | _aSUPREME COURT ACT 1981 S35A(1) |
| 650 | 2 | 4 | _aJCT STANDARD FORM OF BUILDING CONTRACT WITH CONTRACTORS DESIGN (1998 EDITION) |
| 651 | 4 |
_aEngland and Wales _y1543- |
|
| 690 | _aMANAGEMENT-DISPUTE AVOIDANCE, MANAGEMENT AND RESOLUTION-DISPUTE MANAGEMENT AND RESOLUTION-ALTERNATIVE DISPUTE RESOLUTION-ADJUDICATION | ||
| 856 | 4 | 0 |
_uhttps://www.bailii.org/ew/cases/EWHC/TCC/2007/2507.html _zView the judgment free of charge at www.bailii.org... |
| 942 | _n0 | ||
| 999 |
_c79654 _d79654 |
||